000 00722nam a2200241Ia 4500
003 OSt
005 20220918214151.0
006 a|||||r|||| 00| 0
007 ta
008 220917b |||||||| |||| 00| 0 eng d
024 _a136,081
037 _cTextual
040 _aARTS
_cARTS
_beng
041 _2eng
_aeng
082 _aX9:275.4, K6.4
110 _aUnited Nations Economics Commission for Asia And the far East
_9130029
245 0 _aIndustrial development
_b Asia and the far East
260 _aNA
_bNA
_c1966
650 _aECONOMICS
700 _aUnited Nations Economics Commission for Asia And the far East
_9130030
942 _hX9:275.4, K6.4
_cTEXL
_2CC
999 _c259171
_d259171